00330cam a2200133ua 4500020000900000041001000009082002300019100001500042245004500057260006900102300001100171365000900182504000500191 c1.00 amalh a894.812308bPTL/MA aP T L, . aMandahasam / cP T L.hTextual Documents aThiruvananthapuram : bB V Book Depot & Printing Works , c1946. a85 ; . a1.00 a